Public safety in complex and built environments (Record no. 106374)
[ view plain ]
| 000 -LEADER | |
|---|---|
| fixed length control field | 01341cam a2200205 4500 |
| 001 - CONTROL NUMBER | |
| control field | ##L136371 |
| 008 - FIXED-LENGTH DATA ELEMENTS--GENERAL INFORMATION | |
| fixed length control field | 070129n2007 000 0 eng u |
| 035 ## - SYSTEM CONTROL NUMBER | |
| System control number | (Sirsi) u136371 |
| 041 0# - LANGUAGE CODE | |
| Language code of text/sound track or separate title | eng |
| 050 04 - LIBRARY OF CONGRESS CALL NUMBER | |
| Classification number | 344.410465 $2 18 |
| 110 1# - MAIN ENTRY--CORPORATE NAME | |
| Corporate name or jurisdiction name as entry element | United Kingdom |
| Subordinate unit | Cabinet Office |
| -- | Civil Contingencies Secretariat |
| 9 (RLIN) | 5109 |
| 245 00 - TITLE STATEMENT | |
| Title | Public safety in complex and built environments |
| Remainder of title | capstone guidance on integrated safety management |
| Medium | [electronic resource] |
| 260 ## - PUBLICATION, DISTRIBUTION, ETC. | |
| Place of publication, distribution, etc. | [S.l.] |
| Name of publisher, distributor, etc. | Cabinet Office |
| Date of publication, distribution, etc. | 2007 |
| 520 ## - SUMMARY, ETC. | |
| Summary, etc. | Outlines the principles of Integrated Safety Management (ISM) for those responsible for public safety in complex and built environments (ie sports stadia, entertainment arena, business/office complexes, shopping centres, airports/railway stations etc). Emphasises the need for safety managers to integrate emergency planning and response arrangements across all user and stakeholder communities associated with complex facilities. Describes the concept of ISM and makes 19 key recommendations spanning the ISM steps of anticipation and assessment, prevention, preparation, response, and recovery. |
| 590 ## - LOCAL NOTE (RLIN) | |
| Local note | KA |
| 651 4# - SUBJECT ADDED ENTRY--GEOGRAPHIC NAME | |
| Geographic name | United Kingdom |
| Chronological subdivision | |
| 690 ## - LOCAL SUBJECT ADDED ENTRY--TOPICAL TERM (OCLC, RLIN) | |
| Topical term or geographic name as entry element | Health and safety |
| 9 (RLIN) | 6244 |
| 856 40 - ELECTRONIC LOCATION AND ACCESS | |
| Uniform Resource Identifier | <a href="https://www.ukresilience.info/publications/index.shtm">https://www.ukresilience.info/publications/index.shtm</a> |
| Public note | View the guidance free of charge at www.ukresilience.info... |
| 942 ## - ADDED ENTRY ELEMENTS (KOHA) | |
| Suppress in OPAC | 0 |
| Withdrawn status | Lost status | Source of classification or shelving scheme | Damaged status | Not for loan | Home library | Current library | Shelving location | Date acquired | Total Checkouts | Full call number | Barcode | Date last seen | Copy number | Price effective from | Koha item type |
|---|---|---|---|---|---|---|---|---|---|---|---|---|---|---|---|
| Dewey Decimal Classification | Virtual | Virtual | Online | 29/01/2007 | ONLINE PUBLICATION | 136371-2001 | 06/08/2019 | 1 | 06/08/2019 | Book |